Сборник избранных трудов: в 3 т.
| Main Author: | |
|---|---|
| Language: | Russian |
| Published: |
Москва, Институт компьютерных исследований, 2005-
|
| Format: | Book |
| KOHA link: | https://koha.lib.tpu.ru/cgi-bin/koha/opac-detail.pl?biblionumber=95992 |
MARC
| LEADER | 00000nam1a2200000 4500 | ||
|---|---|---|---|
| 001 | 95992 | ||
| 005 | 20231031110335.0 | ||
| 010 | |a 5939723640 | ||
| 035 | |a (RuTPU)RU\TPU\book\102760 | ||
| 090 | |a 95992 | ||
| 100 | |a 20060505d2005 k y0rusy50 ca | ||
| 101 | 0 | |a rus | |
| 102 | |a RU | ||
| 200 | 1 | |a Сборник избранных трудов |e в 3 т. |f А. Н. Тюрин | |
| 210 | |a Москва |c Институт компьютерных исследований |d 2005- | ||
| 700 | 1 | |a Тюрин |b А. Н. |g Андрей Николаевич | |
| 801 | 1 | |a RU |b 63413507 |c 20060505 |g PSBO | |
| 801 | 2 | |a RU |b 63413507 |c 20060505 |g PSBO | |
| 942 | |c BK | ||